Caricamento...

Network security and management

Dettagli Bibliografici
Autore principale: Brijendra Singh
Natura: Printed Book
Pubblicazione: Delhi PHI Learning 2017
Soggetti:
LEADER 00465nam a2200145 4500
020 |a 9788120344976 
082 |a 005.43  |b BRI/N 
100 |a Brijendra Singh 
245 |a Network security and management 
260 |a Delhi  |b PHI Learning  |c 2017 
300 |a 400 
650 |a network security 
942 |c BK 
999 |c 55584  |d 55584 
952 |0 0  |1 0  |4 0  |6 005_430000000000000_BRIN  |7 0  |9 62755  |a KUCL  |b KUCL  |d 2018-11-28  |g 325.00  |l 1  |o 005.43 BRI/N  |p 46104  |r 2018-12-28  |s 2018-12-28  |w 2018-11-28  |y BK